书目信息 |
| 题名: |
高层建筑施工
|
|
| 作者: | 杨国立 主编 | |
| 分册: | ||
| 出版信息: | 北京 化学工业出版社 2010.07 |
|
| 页数: | 248页 | |
| 开本: | 26cm | |
| 丛书名: | ||
| 单 册: | ||
| 中图分类: | TU974 | |
| 科图分类: | ||
| 主题词: | 高层建筑--工程施工--高等教育--教材 | |
| 电子资源: | ||
| ISBN: | 978-7-122-08515-3 | |
| 000 | 00852nam0 2200229 450 | |
| 001 | 1262084235 | |
| 005 | 20120406171514.25 | |
| 010 | @a978-7-122-08515-3@dCNY27.00 | |
| 100 | @a20100803d2010 y0chiy0110 ea | |
| 101 | 0 | @achi |
| 102 | @aCN@b110000 | |
| 105 | @ay z 000yy | |
| 200 | 1 | @a高层建筑施工@9gao ceng jian zhu shi gong@f杨国立主编 |
| 210 | @a北京@c化学工业出版社@d2010.07 | |
| 215 | @a248页@d26cm | |
| 300 | @a高职高专规划教材 | |
| 330 | @a本书主要内容包括:高层建筑施工概述、高层建筑深基坑地下水控制、高层建筑深基坑土方开挖、高层建筑深基坑支护、高层建筑大体积混凝土施工、高层建筑起重及运输机械、高层建筑脚手架工程、高层建筑现浇混凝土结构施工、钢结构高层建筑施工等。 | |
| 606 | 0 | @a高层建筑@x工程施工@x高等教育@j教材 |
| 690 | @aTU974@v4 | |
| 701 | 0 | @a杨国立@9yang guo li@4主编 |
| 801 | 0 | @aCN@bSG02@c20100803 |
| 905 | @aZUCC@dTU974@eY183 | |
| 高层建筑施工/杨国立主编.-北京:化学工业出版社,2010.07 |
| 248页;26cm |
| 高职高专规划教材 |
| ISBN 978-7-122-08515-3:CNY27.00 |
| 本书主要内容包括:高层建筑施工概述、高层建筑深基坑地下水控制、高层建筑深基坑土方开挖、高层建筑深基坑支护、高层建筑大体积混凝土施工、高层建筑起重及运输机械、高层建筑脚手架工程、高层建筑现浇混凝土结构施工、钢结构高层建筑施工等。 |
| ● |
| 相关链接 |
|
|
|
正题名:高层建筑施工
索取号:TU974/Y183
 
预约/预借
| 序号 | 登录号 | 条形码 | 馆藏地/架位号 | 状态 | 备注 |
| 1 | 484814 | 204848148 | 城院文库/ [索取号:TU974/Y183] | 在馆 |